000 01203cam a22003971 4500
001 76839
003 BD-RjUL
005 20211209082909.0
008 200126s1922 nyu 000 0 eng
035 _a(BD-RjUL)
040 _aDLC
_cDLC
_dm.c.
_dOCL
_dYNG
_dIRU
_dRCD
_beng
041 _aeng
049 _aRCDA
082 _223
_a813.52
_bLEB 1922
090 _aPS3523.E958
_bB1
099 _aPS3523.E958.B1
100 1 _aLewis, Sinclair,
_d1885-1951.
_9238365
245 1 0 _aBabbitt /
_cby Sinclair Lewis ...
260 _aNew York :
_bHarcourt, Brace and company ,
_c[c1922]
300 _a3 p.l., 401 p. ;
_c20 cm.
336 _atext
_btxt
_2rdacontent
337 _aunmediated
_bn
_2rdamedia
338 _avolume
_bnc
_2rdacarrier
650 _aNineteen twenties
_v Fiction.
_9238366
650 _aCity and town life
_v Fiction.
_zUnited States
_9238367
650 _aBusinessmen
_vFiction.
_zUnited States
_9238368
910 _aOCLC 1445
910 _aOCLC 1445
910 _aMARCIVEAUT
942 _2ddc
_cBK
949 _aMYGH
_b39080005066524
999 _c76839
_d76839